[Event "Druzynowe Mistrzostwa Polski Juniorow 2019 - II Liga"]
[Site "Szczyrk"]
[Date "1899-12-30"]
[Round "5.93"]
[White "Guzik, Michal"]
[Black "Wojtasik, Szymon"]
[Result "1/2-1/2"]
[WhiteTitle "II"]
[BlackTitle "II"]
[WhiteElo "1084"]
[BlackElo "1511"]

1. e4 c5 2. Nf3 Nc6 3. Bb5 g6 4. O-O Bg7 5. c3 e5 6. Bxc6 dxc6 7. h3 Qd3 8. Re1
Be6 9. Re3 Qd6 10. Na3 Rd8 11. Nc2 c4 12. d4 cxd3 13. Nce1 d2 14. Bxd2 Qb8 15.
Qc2 Ne7 16. Rd1 O-O 17. Qc1 Bxa2 18. c4 b5 19. b3 Bh6 20. Rc3 b4 21. Bxh6 Rxd1
22. Qxd1 bxc3 23. Bxf8 Kxf8 24. Qd3 Bxb3 25. Qxc3 f6 26. Nd3 a5 27. Nc5 Qd6 28.
Nxb3 a4 29. Nbd2 Qc5 30. g4 h6 31. h4 g5 32. hxg5 hxg5 33. Ne1 Ng6 34. Qf3 Nf4
35. Nd3 Qd4 36. Nxf4 gxf4 37. Qe2 Qb2 38. Qd3 Ke7 39. c5 Qc1+ 40. Kg2 Qxc5 41.
Nc4 Qb4 42. Qa3 c5 43. Qd3 Qb8 44. Qd5 Qc7 45. Na3 Qd6 46. Qxd6+ Kxd6 47. Kf3
Kc6 48. Ke2 c4 49. Nxc4 Kc5 50. Kd3 Kb4 51. f3 Kb3 52. Nd2+ Kb2 53. Nc4+ Kb3 54.
Na5+ Kb4 55. Nc4 Kb3 56. Nd2+ 1/2-1/2

[Event "Druzynowe Mistrzostwa Polski Juniorow 2019 - II Liga"]
[Site "Szczyrk"]
[Date "1899-12-30"]
[Round "5.94"]
[White "Chrobot, Tomasz"]
[Black "Mansz, Martyna"]
[Result "1-0"]
[WhiteTitle "III"]
[BlackTitle "I"]
[WhiteElo "1246"]
[BlackElo "1091"]

1. e4 e5 2. Bc4 Nf6 3. d3 Nc6 4. Nf3 Be7 5. O-O O-O 6. c3 d5 7. exd5 Nxd5 8. Bb3
Bf6 9. Re1 Bg4 10. Bc2 Qd7 11. Nbd2 Nf4 12. Ne4 Be7 13. Bxf4 exf4 14. d4 Rad8
15. Qd3 g6 16. h3 Bxh3 17. gxh3 Qxh3 18. Nh2 Qh4 19. Kg2 Kg7 20. Qh3 Qxh3+ 21.
Kxh3 Na5 22. Nd2 Bf6 23. Nhf3 h5 24. Bd3 c5 25. Re4 g5 26. Rg1 g4+ 27. Kh2 Kh6
28. Rxf4 Bg7 29. Ne1 cxd4 30. Rf5 Nc6 31. f3 gxf3 32. Ndxf3 Rg8 33. Rgg5 Be5+
34. Nxe5 Rxg5 35. Nxf7+ Kg6 36. Nxg5 dxc3 37. bxc3 Rxd3 38. Nxd3 Kxf5 39. Nf3
Ke4 40. Nfe1 Ke3 41. Kh3 Kd2 42. c4 Na5 43. c5 a6 44. Kh4 Kc3 45. Kxh5 Kd2 46.
Kg5 Kc3 47. Kf5 Kd4 48. Ke6 Kc4 49. Kd6 Kb5 50. Kc7 Ka4 51. Kb6 Nc6 52. Kxb7 Na5+
53. Kxa6 Nc6 54. Nc2 Nd8 55. Ncb4 Ka3 56. Kb6 Ka4 57. Nc6 Ne6 58. Ncb4 Nxc5 59.
Kxc5 Ka3 60. Kc4 Ka4 61. Nb2+ Ka3 62. Kb5 Kxb2 63. a4 1-0

[Event "Druzynowe Mistrzostwa Polski Juniorow 2019 - II Liga"]
[Site "Szczyrk"]
[Date "1899-12-30"]
[Round "5.95"]
[White "Wojtas, Emilia"]
[Black "Matyjasek, Michalina"]
[Result "1-0"]
[WhiteTitle "II"]
[BlackTitle "I"]
[WhiteElo "1088"]
[BlackElo "1323"]

1. e4 c5 2. Nf3 Nc6 3. Bb5 g6 4. Nc3 Bg7 5. Bxc6 bxc6 6. O-O Nh6 7. d3 O-O 8. h3
f6 9. Be3 d6 10. d4 cxd4 11. Nxd4 Bd7 12. f4 f5 13. Rb1 e5 14. fxe5 dxe5 15. Nf3
f4 16. Bc5 Re8 17. Qd3 Be6 18. Qd6 Qxd6 19. Bxd6 Nf7 20. Rfd1 g5 21. b3 g4 22.
hxg4 Bxg4 23. Rd2 Re6 24. Bc5 h5 25. Rd7 a6 26. Nh2 Rg6 27. Rd3 Be6 28. Kf2 Bf6
29. Nf3 Kh7 30. Rh1 Kh6 31. Ne2 Rag8 32. Rh2 Rg4 33. c4 Bd8 34. Neg1 Kg6 35. Bd6
Bf6 36. Ne2 Ng5 37. Nxg5 Kxg5 38. Ng1 h4 39. Nf3+ Kh5 40. Bxe5 Be7 41. Bd6 Bd8
42. Be5 Bb6+ 43. Bd4 Rd8 44. Ke2 Bxd4 45. Rxd4 Rxd4 46. Nxd4 Bd7 47. Kf3 Kg5 48.
e5 Rg3+ 49. Kf2 Rg4 50. Rh3 Rg3 51. Nf3+ Kf5 52. Rxh4 c5 53. Rh5+ Ke4 54. e6 Be8
55. Rxc5 Rg6 56. Ra5 Bc6 57. Rxa6 Be8 58. c5 Kd5 59. b4 Bb5 60. Rd6+ Kc4 61. Ne5+
Kxb4 62. Nxg6 Kxc5 63. Rd2 Be8 64. Nxf4 Kb4 65. Nd5+ Ka3 66. Nc7 Bg6 67. e7 Kb4
68. e8=Q Bxe8 69. Nxe8 1-0

[Event "Druzynowe Mistrzostwa Polski Juniorow 2019 - II Liga"]
[Site "Szczyrk"]
[Date "1899-12-30"]
[Round "5.96"]
[White "Zajac, Aleksandra"]
[Black "Uliasz, Katarzyna"]
[Result "0-1"]
[WhiteTitle "II"]
[BlackTitle "I"]
[WhiteElo "1136"]
[BlackElo "1333"]

1. e4 c5 2. Nc3 Nc6 3. g3 g6 4. Bg2 Bg7 5. d3 Nf6 6. Be3 d6 7. h3 a6 8. Qd2 Nd4
9. O-O-O Rb8 10. Bh6 O-O 11. Nf3 b5 12. Bxg7 Kxg7 13. Rde1 b4 14. Ne2 e5 15. g4
Be6 16. b3 a5 17. Ng5 Bd7 18. f4 a4 19. f5 axb3 20. cxb3 Qa5 21. Qb2 Ra8 22. Kb1
Ra7 23. Rd1 Bb5 24. Nf3 Rfa8 25. Nfxd4 cxd4 26. Rd2 Nd7 27. Nc1 Nc5 28. Bf1 Qa6
29. Rhh2 Nxe4 30. Rd1 Nc3+ 31. Kc2 Nxd1 32. Kxd1 Rc7 33. Rf2 Rac8 0-1

[Event "Druzynowe Mistrzostwa Polski Juniorow 2019 - II Liga"]
[Site "Szczyrk"]
[Date "1899-12-30"]
[Round "5.97"]
[White "Burzak, Wojciech"]
[Black "Kocierz, Pawel"]
[Result "1/2-1/2"]
[WhiteTitle "I"]
[BlackTitle "II"]
[WhiteElo "1705"]
[BlackElo "1309"]

1. e4 c5 2. Nf3 g6 3. d4 cxd4 4. Nxd4 Bg7 5. Nc3 Nc6 6. Be3 Nf6 7. Bc4 O-O 8. Bb3
d6 9. h3 Na5 10. O-O Nxb3 11. axb3 a6 12. Qd3 Bd7 13. f4 Qc7 14. Nd5 Nxd5 15.
exd5 e5 16. dxe6 fxe6 17. c3 e5 18. fxe5 dxe5 19. Nf3 Kh8 20. Rad1 Bf5 21. Qe2
Rad8 22. Rxd8 Rxd8 23. Rd1 Rxd1+ 24. Qxd1 Qd7 25. Qxd7 Bxd7 26. Kf2 Kg8 27. b4
Bf6 28. Ng5 Bxg5 29. Bxg5 Kf7 30. Ke3 Ke6 31. Bd8 Bc6 32. g3 Bg2 33. h4 Kf5 34.
Bc7 h5 35. Bb8 Bc6 36. c4 Ba4 37. Bc7 Ke6 38. Ke4 Bc2+ 39. Ke3 b5 40. cxb5 axb5
41. Bb8 Kd5 42. Bc7 e4 43. Bb8 Kc4 44. Bd6 Kb3 45. Bc5 Kxb2 46. Bd6 Kc3 47. Be7
Bd3 1/2-1/2

[Event "Druzynowe Mistrzostwa Polski Juniorow 2019 - II Liga"]
[Site "Szczyrk"]
[Date "1899-12-30"]
[Round "5.98"]
[White "Grubiak, Karol"]
[Black "Skowron, Mateusz"]
[Result "0-1"]
[WhiteTitle "III"]
[BlackTitle "I"]
[WhiteElo "1194"]
[BlackElo "1594"]

1. c4 e5 2. g3 f5 3. Bg2 Nf6 4. d3 Nc6 5. Nc3 Bc5 6. e3 O-O 7. Nd5 d6 8. Bd2 a6
9. b4 Ba7 10. a4 Ne7 11. Nxf6+ Rxf6 12. b5 Rb8 13. Ne2 Ng6 14. Nc3 f4 15. Nd5
Rf8 16. exf4 exf4 17. Bxf4 Nxf4 18. Nxf4 g5 19. Nd5 Bxf2+ 20. Kd2 Bd4 21. Rb1
Rf2+ 22. Kc1 Rxg2 23. bxa6 c6 24. Nb4 Rf2 25. Qf3 0-1

[Event "Druzynowe Mistrzostwa Polski Juniorow 2019 - II Liga"]
[Site "Szczyrk"]
[Date "1899-12-30"]
[Round "5.99"]
[White "Celebias, Filip"]
[Black "Czak, Dominik"]
[Result "0-1"]
[WhiteTitle "II"]
[BlackTitle "III"]
[WhiteElo "1380"]
[BlackElo "1297"]

1. e4 c6 2. d4 d5 3. Nc3 dxe4 4. Nxe4 Nf6 5. Ng3 h5 6. h4 Qc7 7. N1e2 e6 8. Bf4
Bd6 9. Qd2 Nbd7 10. O-O-O Nd5 11. Bxd6 Qxd6 12. Qg5 g6 13. c4 N5f6 14. Nc3 Ng4
15. Nge4 Qe7 16. Qf4 Ndf6 17. f3 Nxe4 18. Nxe4 Nh6 19. Qe5 Rf8 20. Nf6+ Kd8 21.
Qf4 Nf5 22. Qg5 Nd6 23. d5 cxd5 24. cxd5 exd5 25. Rxd5 Be6 26. Rd1 Bxa2 27. b3
Bxb3 28. Bd3 Bxd1 29. Rxd1 Rc8+ 30. Kb2 Re8 31. Qa5+ b6 32. Qb4 Qxf6+ 33. Kb1
Re6 34. Bc2 Ke7 35. Bb3 Qf5+ 36. Ka1 Qc5 0-1

[Event "Druzynowe Mistrzostwa Polski Juniorow 2019 - II Liga"]
[Site "Szczyrk"]
[Date "1899-12-30"]
[Round "5.100"]
[White "Galla, Wiktor"]
[Black "Grodzicki, Piotr"]
[Result "1-0"]
[WhiteTitle "III"]
[BlackTitle "II"]
[WhiteElo "1000"]
[BlackElo "1204"]

1. e4 d6 2. Nf3 Nf6 3. Nc3 e5 4. Bc4 Be7 5. d3 c6 6. O-O O-O 7. Bg5 Bg4 8. h3 Bxf3
9. Qxf3 Nbd7 10. Ne2 a5 11. a3 h6 12. Bh4 Nh7 13. Bxe7 Qxe7 14. Ng3 g6 15. Qg4
Kg7 16. Nf5+ 1-0

[Event "Druzynowe Mistrzostwa Polski Juniorow 2019 - II Liga"]
[Site "Szczyrk"]
[Date "1899-12-30"]
[Round "5.101"]
[White "Mytnik, Kinga"]
[Black "Trusz, Julia"]
[Result "1/2-1/2"]
[WhiteTitle "I"]
[BlackTitle "I+"]
[WhiteElo "1604"]
[BlackElo "1649"]

1. e4 c5 2. Nc3 e6 3. f4 a6 4. a4 d5 5. d3 dxe4 6. dxe4 Qxd1+ 7. Nxd1 b6 8. Be2
Bb7 9. Bf3 Nd7 10. c4 Ne7 11. Bd2 Nc6 12. Ne2 Be7 13. Bc3 O-O 14. O-O Rfd8 15.
Nf2 Nf8 16. Rad1 Ng6 17. g3 Rxd1 18. Rxd1 Rd8 19. Rxd8+ Bxd8 20. Nd3 Nge7 21.
Kf2 a5 22. b3 Nb4 23. Nxb4 axb4 24. Bb2 Nc6 25. Ke3 Na5 26. Nc1 Kf8 27. Bd1 Bc7
28. Nd3 Ba8 29. Bc2 Bb7 30. Nf2 Ba8 31. h4 Bb7 32. g4 h6 33. e5 Bd8 34. g5 h5
35. Bd1 g6 36. Kd3 Ke8 37. Kc2 Ke7 38. Be2 Ba8 39. Bd3 Kd7 40. Bc1 Bb7 41. Be3
1/2-1/2

[Event "Druzynowe Mistrzostwa Polski Juniorow 2019 - II Liga"]
[Site "Szczyrk"]
[Date "1899-12-30"]
[Round "5.102"]
[White "Pietrzak, Emilia"]
[Black "Szewczuk, Aleksandra"]
[Result "1/2-1/2"]
[WhiteTitle "I"]
[BlackTitle "I"]
[WhiteElo "1320"]
[BlackElo "1218"]

1. e4 c6 2. Nc3 d5 3. Nf3 Bg4 4. h3 Bxf3 5. Qxf3 e6 6. d3 Nf6 7. Bf4 Qa5 8. O-O-O
Bb4 9. Bd2 Nbd7 10. a3 Bxc3 11. Bxc3 Qc7 12. g4 O-O-O 13. g5 Ne8 14. Qxf7 Qd6
15. Qf3 Rf8 16. Qe3 Nb6 17. Bb4 Qf4 18. Bxf8 Qxf8 19. exd5 exd5 20. h4 Nd6 21.
Bh3+ Kb8 22. Rde1 Re8 23. Qc5 Rxe1+ 24. Rxe1 g6 25. Re6 Nbc8 26. Rf6 Qe7 27. Re6
Qf8 28. Rf6 Qe7 29. b3 Qe1+ 30. Kb2 Qe7 31. Bxc8 Nc4+ 32. Qxc4 dxc4 33. Be6 cxd3
34. cxd3 a6 35. Bc4 Qe5+ 36. Kc2 Qe2+ 37. Kc3 Qe1+ 38. Kc2 Qe2+ 1/2-1/2

[Event "Druzynowe Mistrzostwa Polski Juniorow 2019 - II Liga"]
[Site "Szczyrk"]
[Date "1899-12-30"]
[Round "5.103"]
[White "Laszczak, Przemyslaw"]
[Black "Drozdzal, Michal"]
[Result "1-0"]
[WhiteTitle "k"]
[BlackTitle "II+"]
[WhiteElo "1942"]
[BlackElo "1447"]

1. d4 Nf6 2. c4 e5 3. dxe5 Ng4 4. Nf3 Bc5 5. e3 Nc6 6. a3 a5 7. b3 Ngxe5 8. Bb2
Qe7 9. Nc3 Nxf3+ 10. Qxf3 Ne5 11. Qg3 Qf6 12. O-O-O Bd6 13. Ne4 Qe6 14. Rxd6 cxd6
15. Qxg7 Ng6 16. Nf6+ Kd8 17. Nd5 Re8 18. Bf6+ Ne7 19. Bd3 b5 20. Nf4 1-0

[Event "Druzynowe Mistrzostwa Polski Juniorow 2019 - II Liga"]
[Site "Szczyrk"]
[Date "1899-12-30"]
[Round "5.104"]
[White "Tomkiewicz, Jakub"]
[Black "Czarnomski, Dominik"]
[Result "0-1"]
[WhiteTitle "II"]
[BlackTitle "II+"]
[WhiteElo "1270"]
[BlackElo "1541"]

1. f4 g6 2. e4 Bg7 3. Nf3 d6 4. Be2 c5 5. d3 Nc6 6. c3 Nf6 7. h3 c4 8. Be3 O-O
9. Qc2 cxd3 10. Bxd3 a6 11. Nbd2 b5 12. O-O Bb7 13. Nd4 Rc8 14. Nxc6 Rxc6 15.
Bd4 Re8 16. Nf3 Qa8 17. e5 Nd5 18. Be4 Rcc8 19. Qd2 dxe5 20. Bxd5 exd4 21. Bxb7
Qxb7 22. Nxd4 Red8 23. Qe3 Bxd4 24. cxd4 Qa7 25. Kf2 Rc2+ 26. Kf3 Rxd4 27. Rfd1
Qb7+ 28. Kg3 Rxg2+ 29. Kh4 Rd5 30. Rxd5 Qxd5 31. f5 Qxf5 32. Qh6 Qf6+ 33. Qg5
Qxg5# 0-1

[Event "Druzynowe Mistrzostwa Polski Juniorow 2019 - II Liga"]
[Site "Szczyrk"]
[Date "1899-12-30"]
[Round "5.105"]
[White "Krawczak, Patryk"]
[Black "Futyma, Dawid"]
[Result "1/2-1/2"]
[WhiteTitle "II"]
[BlackTitle "II"]
[WhiteElo "1117"]
[BlackElo "1073"]

1. e4 c6 2. d4 d5 3. e5 g6 4. Nf3 Bg7 5. c3 Bg4 6. h3 Bxf3 7. Qxf3 Nd7 8. Bd3 Qc7
9. Bf4 Qb6 10. Qe2 e6 11. Be3 Qc7 12. f4 O-O-O 13. Qc2 Nb6 14. Nd2 Ne7 15. b4
a6 16. a4 Nf5 17. Bf2 Bh6 18. g3 Rhg8 19. b5 a5 20. Nb3 Nd7 21. Rc1 Kb8 22. h4
Bf8 23. c4 Bb4+ 24. Ke2 cxb5 25. cxb5 Qxc2+ 26. Rxc2 Nb6 27. Ra1 Rc8 28. Nc5 h5
29. Kd1 Rc7 30. Kc1 Rgc8 31. Bxf5 gxf5 32. Kb2 1/2-1/2

[Event "Druzynowe Mistrzostwa Polski Juniorow 2019 - II Liga"]
[Site "Szczyrk"]
[Date "1899-12-30"]
[Round "5.106"]
[White "Tomkiewicz, Szymon"]
[Black "Olszewski, Antoni"]
[Result "0-1"]
[WhiteTitle "II"]
[BlackTitle "II"]
[WhiteElo "1092"]
[BlackElo "1380"]

1. e4 c5 2. Nf3 e6 3. d4 cxd4 4. Nxd4 a6 5. Nc3 b5 6. a3 Bb7 7. Nf3 Nf6 8. Bd3
d6 9. O-O Be7 10. Re1 Nbd7 11. b4 O-O 12. Bb2 Qc7 13. Qd2 Rfd8 14. Qf4 e5 15.
Qg4 Nxg4 16. h3 Ngf6 17. Nh4 g6 18. Re3 d5 19. exd5 Nxd5 20. Nxd5 Bxd5 21. Nf3
Bf6 22. Rd1 e4 23. Bxf6 Nxf6 24. Bxe4 Bxe4 25. Rde1 Bxf3 26. Rxf3 Re8 27. Rd1
Qxc2 28. Rf1 Ne4 29. Re3 Nd2 30. Rxe8+ Rxe8 31. Ra1 Re2 32. Kh2 Ne4 33. f3 Rxg2+
34. Kh1 Ng3# 0-1

[Event "Druzynowe Mistrzostwa Polski Juniorow 2019 - II Liga"]
[Site "Szczyrk"]
[Date "1899-12-30"]
[Round "5.107"]
[White "Nowacka, Dorota"]
[Black "Mazurek, Maja"]
[Result "1/2-1/2"]
[WhiteTitle "I+"]
[BlackTitle "I"]
[WhiteElo "1576"]
[BlackElo "1294"]

1. d4 d5 2. Nf3 Nf6 3. e3 Bg4 4. Be2 e6 5. h3 Bh5 6. O-O c5 7. b3 cxd4 8. exd4
h6 9. Bb2 Nc6 10. c4 Bd6 11. Ne5 Bxe2 12. Qxe2 O-O 13. Nd2 Rc8 14. Rac1 Re8 15.
Ndf3 Qa5 16. a3 Qd8 17. Rfe1 Bxe5 18. Nxe5 Qb6 19. Nxc6 Rxc6 20. b4 Rec8 21. c5
Qd8 22. b5 R6c7 23. Rc2 Ne4 24. f3 Ng3 25. Qe5 Nf5 26. a4 Nd6 27. Rec1 Nc4 28.
Rxc4 dxc4 29. d5 Qg5 30. Qxg5 hxg5 31. dxe6 fxe6 32. Bd4 a6 33. Rxc4 axb5 34.
axb5 Kf7 35. Kf2 Re7 36. Be5 Rd7 37. c6 bxc6 38. bxc6 Rd5 39. Bc3 Rd6 40. c7 Rd7
41. Ba5 Rd5 42. Bc3 Ke7 43. Bxg7 Kd7 44. Ke3 Rxc7 45. Rxc7+ Kxc7 46. Ke4 Kd7 47.
g3 Ke7 48. Bd4 Kf7 49. Be5 Kg6 50. f4 gxf4 51. Kxf4 Kh6 52. g4 Ra5 53. h4 Kh7
54. h5 Kh6 55. Bd4 Rd5 56. Be3 Rb5 57. Kg3+ Kg7 58. Kh4 e5 59. Kg5 Ra5 60. h6+
Kh7 61. Kf5 Ra4 62. g5 Ra6 63. Kxe5 Rg6 64. Kf5 Ra6 65. Bd4 Ra5+ 66. Be5 Ra6 67.
Bf6 Ra5+ 68. Ke6 Ra6+ 69. Kd7 Ra7+ 70. Kc8 Rf7 71. Kd8 Rf8+ 72. Ke7 Rf7+ 73. Ke6
Ra7 74. Bd4 Ra6+ 75. Kf7 Rxh6 76. Bf6 Rg6 1/2-1/2

[Event "Druzynowe Mistrzostwa Polski Juniorow 2019 - II Liga"]
[Site "Szczyrk"]
[Date "1899-12-30"]
[Round "5.108"]
[White "Futyma, Klaudia"]
[Black "Zalewska, Malgorzata"]
[Result "0-1"]
[WhiteTitle "II"]
[BlackTitle "I"]
[WhiteElo "1000"]
[BlackElo "1000"]

1. e4 e6 2. d4 d5 3. e5 c5 4. c3 Nc6 5. Nf3 Qb6 6. Be2 Nge7 7. b3 cxd4 8. cxd4
Nf5 9. Bb2 Bb4+ 10. Nbd2 Ncxd4 11. O-O Bd7 12. Nxd4 Nxd4 13. Nf3 Nxe2+ 14. Qxe2
Bb5 15. Qc2 Bxf1 16. Rxf1 Qc5 17. Qd3 a6 18. Rc1 Qb5 19. Qd1 Bc5 20. Rc2 a5 21.
Qc1 Rc8 22. Bd4 b6 23. Bb2 Kd7 24. h3 Rc6 25. a4 Qa6 26. Qf4 Rf8 27. Ng5 Qd3 28.
Rd2 Qf5 29. Qxf5 exf5 30. Rxd5+ Kc7 31. Rd3 h6 32. Nf3 Rd8 33. Rc3 Rd1+ 34. Kh2
Bxf2 35. Rxc6+ Kxc6 36. e6 fxe6 37. Bxg7 Be3 38. Ne5+ Kd5 39. Nc4 Rd3 40. Ne5
Rxb3 41. Nf7 Ra3 42. Nxh6 Bxh6 43. Bxh6 Rxa4 0-1

[Event "Druzynowe Mistrzostwa Polski Juniorow 2019 - II Liga"]
[Site "Szczyrk"]
[Date "1899-12-30"]
[Round "5.109"]
[White "Stachowicz, Hubert"]
[Black "Piekielny, Pawel"]
[Result "0-1"]
[WhiteTitle "III"]
[BlackTitle "I++"]
[WhiteElo "1092"]
[BlackElo "1985"]

1. d4 Nf6 2. c4 e6 3. Nc3 Bb4 4. Nf3 c5 5. e3 Nc6 6. Bd2 cxd4 7. exd4 O-O 8. Nb5
Bxd2+ 9. Qxd2 d6 10. O-O-O a6 11. Nc3 d5 12. Be2 dxc4 13. Bxc4 b5 14. d5 Na5 15.
Be2 b4 16. Na4 Nxd5 17. Nb6 Qxb6 18. Bd3 Bb7 19. h4 Rac8+ 20. Bc2 b3 0-1

[Event "Druzynowe Mistrzostwa Polski Juniorow 2019 - II Liga"]
[Site "Szczyrk"]
[Date "1899-12-30"]
[Round "5.110"]
[White "Golinski, Kacper"]
[Black "Bartlomowicz, Jakub"]
[Result "1-0"]
[WhiteTitle "I"]
[BlackTitle "II+"]
[WhiteElo "1761"]
[BlackElo "1633"]

1. e4 e5 2. Nf3 Nc6 3. Bb5 a6 4. Bxc6 dxc6 5. h3 Ne7 6. Nc3 Ng6 7. d3 Bd6 8. Be3
f6 9. Qe2 Be6 10. O-O-O Qd7 11. g4 O-O-O 12. Nh2 Nh4 13. f3 h5 14. gxh5 Rxh5 15.
f4 Rdh8 16. f5 Bf7 17. Ng4 Qe7 18. Rhf1 Bb4 19. Bg1 Bxc3 20. bxc3 Qa3+ 21. Kd2
Bxa2 22. Ra1 Qb2 23. Ne3 c5 24. Qd1 Rg5 25. c4 Ng2 26. Qc1 Qb4+ 27. c3 Qa5 28.
Qb2 Nxe3 29. Bxe3 Rg2+ 30. Rf2 Rxf2+ 31. Bxf2 c6 32. Qxa2 Qd8 33. h4 Qe8 34. Rg1
Qf7 35. Qb1 Rd8 36. Kc2 Qh5 37. Qd1 Qf7 38. Qg4 Qd7 39. Rg3 Rg8 40. h5 b5 41.
cxb5 axb5 42. h6 Qa7 43. Kd2 Qa2+ 44. Ke3 c4 45. Qxg7 cxd3 46. Qxg8+ Qxg8 47.
Rxg8+ Kc7 48. h7 d2 49. Kxd2 b4 50. h8=Q bxc3+ 51. Kxc3 c5 52. Rb8 c4 53. Qd8+
Kc6 54. Rb6# 1-0

[Event "Druzynowe Mistrzostwa Polski Juniorow 2019 - II Liga"]
[Site "Szczyrk"]
[Date "1899-12-30"]
[Round "5.111"]
[White "Babiarz, Arkadiusz"]
[Black "Szymczak, Krzysztof"]
[Result "1-0"]
[WhiteTitle "I++"]
[BlackTitle "II"]
[WhiteElo "1833"]
[BlackElo "1157"]

1. e4 c5 2. Nf3 Nc6 3. c3 d6 4. d4 cxd4 5. cxd4 e6 6. Nc3 Nf6 7. h3 Be7 8. Be2
O-O 9. O-O a6 10. Bf4 b5 11. d5 exd5 12. exd5 Na7 13. a3 Re8 14. Nd4 Bd7 15. Rc1
Rc8 16. Qd3 Qb6 17. Be3 Qb7 18. Bf3 Bd8 19. Nf5 Bxf5 20. Qxf5 Bb6 21. Bf4 Rcd8
22. Rfe1 Nc8 23. Bg5 Qa7 24. Ne4 Nxe4 25. Bxe4 g6 26. Qf4 Rd7 27. Bf5 Rxe1+ 28.
Rxe1 gxf5 29. Re8+ Kg7 30. Bh6+ Kf6 31. Qg5# 1-0

[Event "Druzynowe Mistrzostwa Polski Juniorow 2019 - II Liga"]
[Site "Szczyrk"]
[Date "1899-12-30"]
[Round "5.112"]
[White "Lamek, Dawid"]
[Black "Jemiola, Jeremi"]
[Result "1-0"]
[WhiteTitle "II"]
[BlackTitle "III"]
[WhiteElo "1070"]
[BlackElo "1000"]

1. d4 d5 2. c4 Nf6 3. Nc3 Nc6 4. cxd5 Nxd5 5. e4 Nf6 6. Bb5 Bd7 7. Nge2 a6 8. Bxc6
Bxc6 9. d5 Bb5 10. Nxb5 axb5 11. f3 e6 12. dxe6 Qxd1+ 13. Kxd1 Rd8+ 14. Kc2 fxe6
15. Bg5 Be7 16. Rhd1 Kf7 17. Rxd8 Rxd8 18. Rd1 Rxd1 19. Kxd1 Nd7 20. Bxe7 Kxe7
21. Kc2 c5 22. b4 b6 23. Nc3 cxb4 24. Nxb5 Nc5 25. Nd4 Kd6 26. Kb2 Ke5 27. Nc6+
Kd6 28. Nxb4 b5 29. Kc3 e5 30. Nd3 Nxd3 31. Kxd3 Kc5 32. Kc3 b4+ 33. Kb3 Kb5 34.
f4 exf4 35. e5 Kc5 36. e6 Kd6 37. Kxb4 Kxe6 38. a4 Kd7 39. Kc5 g5 40. Kd5 h6 41.
Ke4 Kc6 42. Kf3 h5 43. g3 fxg3 44. Kxg3 Kd5 45. Kf3 Ke5 46. a5 Kd6 47. Ke4 Kc5
48. Kf5 g4 49. Kg5 Kb5 50. Kxh5 Kxa5 51. Kxg4 Kb6 52. h4 Kc7 53. h5 Kd7 54. h6
Ke7 55. h7 Kf7 56. h8=Q Ke6 57. Qd4 Kf7 58. Qd6 Kg7 59. Kf5 Kh8 60. Kg6 1-0

[Event "Druzynowe Mistrzostwa Polski Juniorow 2019 - II Liga"]
[Site "Szczyrk"]
[Date "1899-12-30"]
[Round "5.113"]
[White "Polak, Sylwia"]
[Black "Jedras, Adrianna"]
[Result "0-1"]
[WhiteTitle "I+"]
[BlackTitle "I"]
[WhiteElo "1533"]
[BlackElo "1367"]

1. d4 Nf6 2. c4 e6 3. Nc3 Bb4 4. Nf3 d5 5. e3 O-O 6. Bd3 c5 7. a3 Bxc3+ 8. bxc3
Nbd7 9. cxd5 exd5 10. O-O c4 11. Bc2 b6 12. e4 dxe4 13. Nd2 Re8 14. Qe2 Nd5 15.
Qxc4 N7f6 16. Ba4 Re7 17. Nxe4 Nxe4 18. Bc6 Bb7 0-1

[Event "Druzynowe Mistrzostwa Polski Juniorow 2019 - II Liga"]
[Site "Szczyrk"]
[Date "1899-12-30"]
[Round "5.114"]
[White "Golinska, Patrycja"]
[Black "Krzanowska, Liliana"]
[Result "1/2-1/2"]
[WhiteTitle "I"]
[BlackTitle "I"]
[WhiteElo "1197"]
[BlackElo "1192"]

1. e4 c5 2. Nf3 d6 3. d4 cxd4 4. Nxd4 Nf6 5. Nc3 g6 6. Bc4 Bg7 7. O-O O-O 8. Be3
Bd7 9. Qd2 Nc6 10. Nf3 Rc8 11. Bh6 Ng4 12. Bxg7 Kxg7 13. h3 Nge5 14. Nxe5 Nxe5
15. Bb3 a6 16. Qd4 Kg8 17. f4 Nc6 18. Qe3 e6 19. Rf3 Qf6 20. Rd1 Qe7 21. Rg3 Kh8
22. Rf1 Na5 23. Qd4+ Kg8 24. f5 Nxb3 25. cxb3 exf5 26. exf5 Qe5 27. Qd3 Rc5 28.
fxg6 hxg6 29. Ne4 Bf5 30. Re3 Bxe4 31. Rxe4 Qxb2 32. Re2 Qc3 33. Qxd6 Rc7 34.
Ref2 Qc5 35. Qxc5 Rxc5 36. Rd2 Ra5 37. Rff2 Re8 38. Rd7 Rf8 39. Rxb7 Ra3 40. Ra7
a5 41. Kf1 g5 42. Rf5 Rxa2 43. Rxg5+ Kh8 44. Raxa5 Rxa5 45. Rxa5 Rb8 46. Ra3 Kg7
47. Ke2 Kg6 48. Ke3 f5 49. Kf4 Rb4+ 50. Kf3 Kg5 51. g4 fxg4+ 52. hxg4 Rf4+ 53.
Ke3 Rxg4 54. Kd3 Rg3+ 55. Kc4 Kf5 56. Ra5+ Ke6 57. Rd5 Rg4+ 58. Kc5 Rg3 59. Kc4
Rxb3 60. Kxb3 Kxd5 1/2-1/2

[Event "Druzynowe Mistrzostwa Polski Juniorow 2019 - II Liga"]
[Site "Szczyrk"]
[Date "1899-12-30"]
[Round "5.115"]
[White "Poziomkowski, Szymon"]
[Black "Michalowski, Patryk"]
[Result "1/2-1/2"]
[WhiteTitle "I"]
[BlackTitle "I"]
[WhiteElo "1816"]
[BlackElo "1674"]

1. e4 c5 2. Nf3 Nc6 3. Bb5 g6 4. O-O Bg7 5. c3 Nf6 6. Qe2 O-O 7. d4 cxd4 8. cxd4
d5 9. e5 Ne8 10. Nc3 Nc7 11. Ba4 Bg4 12. Bxc6 bxc6 13. h3 Bxf3 14. Qxf3 Rb8 15.
b3 Ne6 16. Qd3 Rb4 17. Be3 c5 18. Ne2 cxd4 19. Nxd4 Nxd4 20. Bxd4 Qd7 21. Rfd1
Rc8 22. Rac1 Rb7 23. Qa6 Rbc7 24. Rxc7 Rxc7 25. a4 e6 26. b4 Bf8 27. b5 Bc5 28.
Bxc5 Rxc5 29. Rb1 Qc7 30. g3 d4 31. a5 Rc1+ 32. Rxc1 Qxc1+ 33. Kg2 d3 34. Qd6
d2 35. Qd8+ 1/2-1/2

[Event "Druzynowe Mistrzostwa Polski Juniorow 2019 - II Liga"]
[Site "Szczyrk"]
[Date "1899-12-30"]
[Round "5.116"]
[White "Twardowski, Jakub"]
[Black "Kartasiewicz, Igor"]
[Result "0-1"]
[WhiteTitle "III"]
[BlackTitle "II"]
[WhiteElo "1000"]
[BlackElo "1000"]

1. e4 e5 2. Nf3 Nc6 3. Bc4 Bc5 4. d3 h6 5. Nc3 d6 6. h3 Nf6 7. a3 Be6 8. Bb5 O-O
9. O-O Nd4 10. Nxd4 Bxd4 11. Ne2 Bb6 12. Nc3 c6 13. Ba4 d5 14. Re1 Re8 15. Qe2
d4 16. Na2 Nd7 17. f4 Nc5 18. b3 exf4 19. Bxf4 Bc7 20. Bxc7 Qxc7 21. Qf2 Red8
22. c4 Nxd3 23. Qd2 Nxe1 24. Rxe1 Rab8 25. c5 Qg3 26. b4 Qxa3 27. Ra1 Qxa4 28.
Qf2 d3 29. Rf1 Qxa2 30. Qf3 Bc4 31. e5 d2 32. Rd1 Bb3 33. Rf1 d1=Q 34. Rxd1 Rxd1+
35. Kh2 Bd5 36. Qg3 Rd2 37. h4 Rxg2+ 38. Kh1 Qb1+ 39. Qe1 Qxe1# 0-1

[Event "Druzynowe Mistrzostwa Polski Juniorow 2019 - II Liga"]
[Site "Szczyrk"]
[Date "1899-12-30"]
[Round "5.117"]
[White "Cwiek, Ryszard"]
[Black "Paschke, Kajetan"]
[Result "1-0"]
[WhiteTitle "I"]
[BlackTitle "III"]
[WhiteElo "1728"]
[BlackElo "1000"]

1. e4 e5 2. Nf3 Nc6 3. Nc3 Nf6 4. d4 exd4 5. Nxd4 Bb4 6. Nxc6 bxc6 7. Bd3 O-O 8.
O-O h6 9. Qf3 Bxc3 10. bxc3 d6 11. h3 Be6 12. Ba3 Re8 13. Rfd1 Qc8 14. c4 c5 15.
Bb2 Qd8 16. e5 Nh7 17. Bxh7+ Kxh7 18. Qc3 Qg5 19. exd6 cxd6 20. Rxd6 Re7 21. f4
Qf6 22. Qxf6 gxf6 23. Bxf6 Rb7 24. Rc6 Bxc4 25. Rxc5 Be2 26. Kf2 Ba6 27. Re1 Rd8
28. Bxd8 Rb2 29. Re7 Bd3 30. Rxf7+ Kg6 31. Rf6+ Kg7 32. Rc7+ Kg8 33. Rfc6 Rxa2
34. Bf6 a5 35. Rg7+ Kf8 36. Rc8# 1-0

[Event "Druzynowe Mistrzostwa Polski Juniorow 2019 - II Liga"]
[Site "Szczyrk"]
[Date "1899-12-30"]
[Round "5.118"]
[White "Kisiel, Dominik"]
[Black "Cwiek, Stefan"]
[Result "0-1"]
[WhiteTitle "II"]
[BlackTitle "II"]
[WhiteElo "1061"]
[BlackElo "1315"]

1. e4 e5 2. Nf3 Nc6 3. Bb5 Nge7 4. Nc3 g6 5. d3 Bg7 6. Bg5 O-O 7. Nd5 f6 8. Be3
d6 9. h3 Be6 10. Nc3 f5 11. Ng5 Bf7 12. Bc4 Bxc4 13. dxc4 Qd7 14. O-O f4 15. Bd2
Nd4 16. Nd5 Nxd5 17. cxd5 f3 18. c3 Ne2+ 19. Kh2 fxg2 20. Kxg2 Nf4+ 21. Bxf4 Rxf4
22. Ne6 Rxe4 23. Qd3 Rh4 24. Qg3 Bf6 25. f4 exf4 26. Rxf4 Rxf4 27. Qxf4 Bg7 28.
h4 c6 29. c4 cxd5 30. cxd5 Rc8 31. Rc1 Rxc1 32. Qxc1 h6 33. b3 Kh7 34. Qc2 Qf7
35. h5 Qf5 36. Qxf5 gxf5 37. Nxg7 Kxg7 38. Kf3 Kf6 39. Kf4 b6 40. a3 a6 41. b4
b5 42. Kf3 Ke5 43. Ke3 Kxd5 44. Kf4 Ke6 45. Kf3 Ke5 46. Ke3 d5 47. Ke2 Ke4 48.
Ke1 Ke3 49. Kd1 d4 50. Ke1 d3 51. a4 d2+ 52. Kd1 bxa4 53. b5 axb5 54. Kc2 Ke2
55. Kc3 d1=Q 56. Kb4 Qc1 57. Ka5 a3 58. Kb6 a2 59. Ka5 a1=Q+ 60. Kb6 b4 61. Kb5
b3 62. Kb4 b2 63. Kb3 b1=R# 0-1